| 000 | 01176cam a2200385 a 4500 | ||
|---|---|---|---|
| 001 | 5760 | ||
| 003 | FISKH | ||
| 005 | 20250121095050.0 | ||
| 008 | 020717s2003 nyua b 000 1 eng | ||
| 010 |
_a 2002068209 _z 2002015426 |
||
| 020 | _a0375810013 | ||
| 020 | _a9780375810015 | ||
| 020 | _a0375910018 (lib. bdg.) | ||
| 040 |
_aDLC _cDLC _dDLC _beng |
||
| 050 | _aPZ7.B81618 | ||
| 082 | _a813.6 | ||
| 100 | 1 | _aBrown, Marc Tolon. | |
| 245 | 1 | 0 |
_aArthur and the school pet / _cMarc Brown. |
| 260 |
_aNew York : _bRandom House, _c2003. |
||
| 300 |
_a24 pages : _bcolor illustrations ; _c23 cm |
||
| 490 | 1 |
_aStep into reading _vStep 3 |
|
| 505 | _aJ | ||
| 520 | _aD.W. volunteers to take care of the class gerbil during Christmas vacation and finds that he is difficult to keep track of. | ||
| 521 | 8 |
_a490
_bLexile |
|
| 521 | 8 |
_aJ
_bRaz-Plus |
|
| 650 | 1 |
_aGerbils _vFiction. |
|
| 650 | 1 |
_aPets _vFiction. |
|
| 650 | 1 |
_aChristmas _vFiction. |
|
| 650 | 1 |
_aVacations _vFiction. |
|
| 650 | 1 |
_aAardvarks _vFiction. |
|
| 650 | 1 |
_aMammals _vFiction. |
|
| 906 |
_a7 _bcbc _corignew _d1 _eocip _f20 _gy-gencatlg |
||
| 942 |
_2ddc _cBK _n0 |
||
| 999 |
_c5760 _d5760 |
||